| 000 -LEADER |
| fixed length control field |
00517nam a22001937a 4500 |
| 008 - FIXED-LENGTH DATA ELEMENTS--GENERAL INFORMATION |
| fixed length control field |
151009b xxu||||| |||| 00| 0 eng d |
| 020 ## - INTERNATIONAL STANDARD BOOK NUMBER |
| International Standard Book Number |
0072423382 |
| 041 0# - LANGUAGE CODE |
| Language code of text/sound track or separate title |
eng |
| 080 ## - UNIVERSAL DECIMAL CLASSIFICATION NUMBER |
| Universal Decimal Classification number |
658.15 |
| 100 1# - Rafti |
| Rafti |
Garrison, Ray H. |
| 245 10 - TITLE STATEMENT |
| Title |
Managerial accounting / |
| Statement of responsibility, etc |
Ray H. Garrison, Eric W. Noreen. |
| 250 ## - |
| -- |
10th ed. |
| 260 ## - |
| -- |
Boston : |
| -- |
McGraw Hill; |
| -- |
2003. |
| 300 ## - |
| -- |
xxxvi, 838 f. : |
| -- |
me il.; |
| -- |
28 cm. |
| 650 #0 - |
| -- |
Kontabilitet |
| 650 #0 - |
| -- |
Menaxherial |
| 700 1# - |
| -- |
Noreen, Eric W. |
| 942 ## - ADDED ENTRY ELEMENTS (KOHA) |
| Source of classification or shelving scheme |
|
| Item type |
Books |